Kraje bez dostępu do morza lub oceanu - Statystyki

Ogólne statystyki
  • Ten quiz został rozwiązany 4 541 razy
    2 454 od ostatniego zresetowania
  • Średni wynik to 31 z 45
Statystyki odpowiedzi
Nazwa Kraju % Poprawnych
Czechy
92%
Słowacja
88%
Austria
84%
Andora
83%
Watykan
83%
Węgry
81%
San Marino
80%
Serbia
80%
Luksemburg
79%
Szwajcaria
79%
Mongolia
78%
Białoruś
77%
Kazachstan
76%
Boliwia
75%
Paragwaj
74%
Czad
73%
Tadżykistan
73%
Kosowo
72%
Niger
72%
Kirgistan
71%
Nepal
71%
Uzbekistan
71%
Afganistan
69%
Macedonia
68%
Turkmenistan
68%
Mołdawia
66%
Armenia
65%
Bhutan
65%
Lesotho
65%
Liechtenstein
65%
Mali
65%
Sudan Południowy
64%
Zambia
60%
Zimbabwe
59%
Botswana
56%
Eswatini
56%
Laos
56%
Republika Środkowoafrykańska
55%
Azerbejdżan
54%
Etiopia
54%
Uganda
54%
Rwanda
53%
Burkina Faso
50%
Burundi
49%
Malawi
45%
Nie znaleziono quizów pasujących do podanych kryteriów
Rozkład punktacji
Procent ludzi z każdym wynikiem
Percentyl według liczby udzielonych odpowiedzi
Twoja historia wyników
Nie rozwiązałeś tego quizu od ostatniego zresetowania